IV Viaje apostólico a Polonia, junio 1991 : VI Jornada Mundial de la Juventud en Czestochowa, agosto 1991 /

Compilación de las homilías y la catequesis expuesta por Juan Pablo II en su cuarto viaje apostólico a Polonia (1-9 de junio de 1991), primero posterior a la Caída del Muro de Berlín y primero con carácter de visita de Estado, y la Sexta Jornada Mundial de la Juventud, celebrada en Częstochowa, Polo...

Полное описание

Сохранить в:
Библиографические подробности
Соавтор: Iglesia Católica. Papa (1978-2005 : Juan Pablo II)
Другие авторы: Urteaga Loidi, Jesús (presentación) (presentación), Val, Montse do (presentación) (presentación)
Формат:
Язык:испанский
Опубликовано: Madrid, España : Palabra, 1991, c1991
Серии:(Documentos MC)
Предметы:
Метки: Добавить метку
Нет меток, Требуется 1-ая метка записи!

MARC

LEADER 00000nam^a2200000^a^4500
001 000185963
005 20250521000000.0
009 20260310102209.203
020 |a 84-7118-766-3 
037 |a Acervo ITESO - Biblioteca 
041 |a ESP 
082 |a 282.  |b IGL JUA 1991 
110 |a Iglesia Católica.  |b Papa (1978-2005 : Juan Pablo II) 
240 1 1 |a [Visitas papales a Polonia] 
245 1 0 |a IV Viaje apostólico a Polonia, junio 1991 :  |b VI Jornada Mundial de la Juventud en Czestochowa, agosto 1991 /  |c Juan Pablo II ; presen. de J. Urteaga Loidi, M. do Val 
246 2 |a Título en la cubierta: Desde Polonia al mundo entero 
264 4 |a Madrid, España :  |b Palabra,  |c 1991, c1991 
300 |a 168 p. 
336 |a texto  |b txt  |2 rdacontenido 
337 |a sin mediación  |b n  |2 rdamedio 
338 |a volumen  |b nc  |2 rdasoporte 
440 1 |a (Documentos MC) 
520 |a Compilación de las homilías y la catequesis expuesta por Juan Pablo II en su cuarto viaje apostólico a Polonia (1-9 de junio de 1991), primero posterior a la Caída del Muro de Berlín y primero con carácter de visita de Estado, y la Sexta Jornada Mundial de la Juventud, celebrada en Częstochowa, Polonia (14-15 de agosto de 1991). La sede y la fecha de la Jornada tuvieron una conntación especial: en esta ciudad del sur polaco se encuentra el iglesia de Jasna Góra, santuario de la Virgen Negra del Monte Claro, destino de peregrinaciones en Europa Oriental y el 14 de agosto es la festividad de San Maximiliano Kolbe (1894-1941), martirizado cincuenta años antes en Auschwitz, a pocos kilómetros del santuario. 
649 |a XX 
650 |a Papas -  |x Homilías 
650 |a Papas -  |x Discursos 
650 |a Ministros Religiosos Polacos -  |x Discursos 
650 |a Religiosos Polacos -  |x Discursos 
650 |a Santos Polacos -  |x Discursos 
650 |a Iglesia Católica en Polonia -  |x Historia -  |y 1989-1995 -  |x Tema Principal 
650 |a Iglesia Católica en Polonia -  |x Historia -  |y Siglo XX 
650 |a Iglesia Católica -  |x Historia -  |y Papa, 1978-2005 (San Juan Pablo II) -  |x Tema Principal 
650 |a Iglesia Católica -  |x Historia -  |y Siglo XX 
650 |a Jóvenes -  |z Polonia -  |x Historia -  |y 1989-1995 
650 |a Mensajes Pontificios 
650 |a Visitas Papales -  |z Polonia -  |x Historia -  |y 1989-1995 -  |x Tema Principal 
650 |a Visitas Papales -  |z Polonia -  |x Historia -  |y Siglo XX 
650 |a Visitas Pastorales -  |z Polonia -  |x Historia -  |y 1989-1995 
650 |a Visitas Pastorales -  |z Polonia -  |x Historia -  |y Siglo XX 
650 |a Catolicismo -  |z Polonia -  |x Historia -  |y 1989-1995 
650 |a Catolicismo -  |z Polonia -  |x Historia -  |y Siglo XX 
650 |a Cristianismo -  |z Polonia -  |x Historia -  |y 1989-1995 
650 |a Cristianismo -  |z Polonia -  |x Historia -  |y Siglo XX 
650 |a Religión -  |z Polonia -  |x Historia -  |y 1989-1995 
650 |a Religión -  |z Polonia -  |x Historia -  |y Siglo XX 
740 0 |a VI Jornada Mundial de la Juventud en Czestochowa, agosto 1991 /  |c Juan Pablo II ; presen. de M. do Val. 
700 |a Urteaga Loidi, Jesús  |e (presentación) 
700 |a Val, Montse do  |e (presentación) 
910 |a Fondo General 
920 |a Impresos - Libros 
930 |a Colección General 
905 |a 101 
901 |a 0500127449  |b IT1  |c ACC  |u 20250521 
902 |a https://opac.biblio.iteso.mx/vufind/Record/000185963